| 000 -CABECERA |
| campo de control de longitud fija |
01081ngm a2200241 a 4500 |
| 001 - NÚMERO DE CONTROL |
| campo de control |
000080273 |
| 005 - FECHA Y HORA DE LA ÚLTIMA TRANSACCIÓN |
| campo de control |
20200120224349.0 |
| 007 - CAMPO FIJO DE DESCRIPCIÓN FÍSICA--INFORMACIÓN GENERAL |
| campo de control de longitud fija |
vducgaiz |
| 008 - DATOS DE LONGITUD FIJA--INFORMACIÓN GENERAL |
| campo de control de longitud fija |
160429s2009 ck 052|g| |s| ||spa|d |
| 041 ## - CÓDIGO DE LENGUA |
| Código de lengua del texto/banda sonora o título independiente |
spa |
| Código de lengua original |
eng |
| 043 ## - CÓDIGO DE ÁREA GEOGRÁFICA |
| Código de área geográfica |
s-ck--- |
| 082 ## - NÚMERO DE LA CLASIFICACIÓN DECIMAL DEWEY |
| Número de clasificación |
155.9042 |
| Número de documento/Ítem |
N17 |
| Número de edición |
21 |
| 110 ## - ENTRADA PRINCIPAL--NOMBRE DE ENTIDAD CORPORATIVA |
| Nombre de entidad corporativa o nombre de jurisdicción como elemento de entrada |
National Geographic |
| 245 10 - MENCIÓN DE TÍTULO |
| Título |
Stress : |
| Resto del título |
retrato de un asesino / |
| Mención de responsabilidad, etc. |
National Geographic Televisión & Film. |
| 250 ## - MENCIÓN DE EDICIÓN |
| Mención de edición |
1a. ed. |
| 260 ## - PUBLICACIÓN, DISTRIBUCIÓN, ETC. |
| Lugar de publicación, distribución, etc. |
Colombia : |
| Nombre del editor, distribuidor, etc. |
National Geographic Televisión & Film, |
| Fecha de publicación, distribución, etc. |
2009. |
| 300 ## - DESCRIPCIÓN FÍSICA |
| Extensión |
1 DVD-ROM (52 min.) : |
| Otras características físicas |
son., col. |
| 500 ## - NOTA GENERAL |
| Nota general |
Audio: Inglés, español ; subtítulos: Español |
| 520 ## - SUMARIO, ETC. |
| Sumario, etc. |
"esde las tropas de babuinos en las llanuras de África hasta los laboratorios de neurociencia en la Universidad de Stanford, los científicos están revelando que tan letal puede ser el stress. Las investigaciones revelan que el impacto del stress puede llegar a fondo, encogiendo nuestros cerebros, añadiendo grasa a nuestros estómagos e incluso desenredando nuestros cromosomas. " |
| 650 14 - PUNTO DE ACCESO ADICIONAL DE MATERIA--TÉRMINO DE MATERIA |
| Término de materia o nombre geográfico como elemento de entrada |
Stress |
| 650 24 - PUNTO DE ACCESO ADICIONAL DE MATERIA--TÉRMINO DE MATERIA |
| Término de materia o nombre geográfico como elemento de entrada |
Ansiedad |
| 650 24 - PUNTO DE ACCESO ADICIONAL DE MATERIA--TÉRMINO DE MATERIA |
| Término de materia o nombre geográfico como elemento de entrada |
Psicología |